| 000 | nam a22 7a 4500 | ||
|---|---|---|---|
| 999 |
_c56216 _d56216 |
||
| 003 | OSt | ||
| 005 | 20221229160735.0 | ||
| 008 | 221229b xxu||||| |||| 00| 0 eng d | ||
| 040 | _cIIMT COLLEGE OF POLYTECHNIC | ||
| 100 | _aSAHDEV, S.K. | ||
| 245 | _aFUNDAMENTALS OF ELECTRICAL ENGINEERING & ELECTRONICS | ||
| 260 |
_aDELHI _bDHANPAT RAI & CO. _c2021 |
||
| 300 | _a200 | ||
| 942 |
_2ddc _c02 |
||